[Event "CFriend WC-2009-P-00003"]
[Site "Chessfriend.com"]
[Date "2005.02.28"]
[Round "?"]
[White "Stefan, Cristian"]
[Black "Elias, Holger"]
[Result "1-0"]
[WhiteElo "2067"]
[BlackElo "1711"]
[PlyCount "21"]
[EventDate "2005.??.??"]
[EventType "tourn (corr)"]
[EventRounds "6"]
[SourceTitle "Corr 2024"]
[Source "ChessBase"]
[SourceDate "2023.10.19"]
[SourceVersion "1"]
[SourceVersionDate "2023.10.19"]
[SourceQuality "1"]

1. e4 e6 2. Qe2 e5 3. f4 d6 4. Nf3 Nc6 5. c3 Nf6 6. d4 Be7 7. d5 Nb8 8. Qc2 c6 9. Bc4 cxd5 10. exd5 Qb6 11. Na3 1-0

[Event "CFriend WC-2009-P-00003"]
[Site "Chessfriend.com"]
[Date "2005.02.28"]
[Round "1"]
[White "Wieland, Markus"]
[Black "Stefan, Cristian"]
[Result "1-0"]
[WhiteElo "2191"]
[BlackElo "2067"]
[PlyCount "67"]
[EventDate "2005.??.??"]
[EventType "tourn (corr)"]
[EventRounds "6"]
[SourceTitle "Corr 2008"]
[Source "ChessBase"]
[SourceDate "2008.06.24"]
[SourceVersion "1"]
[SourceVersionDate "2008.06.24"]
[SourceQuality "1"]

1. d4 d6 2. e4 Nf6 3. Nc3 g6 4. Be3 c6 5. Qd2 b5 6. f3 Nbd7 7. g4 Nb6 8. b3 Bb7 9. h4 h5 10. g5 Nfd7 11. f4 Bg7 12. Rd1 Qc7 13. Bg2 a6 14. Nge2 c5 15. 0-0 cxd4 16. Nxd4 Rc8 17. Nd5 Nxd5 18. exd5 Qc3 19. f5 Qxd2 20. Rxd2 gxf5 21. Nxf5 Bc3 22. Re2 Ne5 23. Ng7+ Kf8 24. Ne6+ Ke8 25. Nf4 b4 26. Be4 a5 27. Rg2 Ng4 28. Bb6 Ba6 29. Rf3 Ne5 30. Rfg3 Rb8 31. Rxc3 Rxb6 32. Rc7 Kd8 33. Ra7 Bb7 34. Rxa5 1-0

[Event "IECG CA.2003.0.00105 email"]
[Site "IECG email"]
[Date "2003.09.21"]
[Round "?"]
[White "Mueller, Christian"]
[Black "Stefan, Cristian"]
[Result "1/2-1/2"]
[WhiteElo "2167"]
[BlackElo "2063"]
[PlyCount "29"]
[EventDate "2003.09.21"]
[EventType "tourn (corr)"]
[EventRounds "6"]
[SourceTitle "Corr 2008"]
[Source "ChessBase"]
[SourceDate "2008.06.24"]
[SourceVersion "1"]
[SourceVersionDate "2008.06.24"]
[SourceQuality "1"]

1. e4 d6 2. d4 Nf6 3. Nc3 g6 4. f4 Bg7 5. Nf3 0-0 6. Bd3 Na6 7. 0-0 c5 8. d5 Bg4 9. Bc4 Nc7 10. h3 Bxf3 11. Qxf3 a6 12. a4 b6 13. Be3 Nd7 14. Rfd1 Qb8 15. Rd2 1/2-1/2

[Event "IECG CA.2003.0.00105 email"]
[Site "IECG email"]
[Date "2003.09.21"]
[Round "?"]
[White "Stefan, Cristian"]
[Black "Zhitnikov, Andrew"]
[Result "1-0"]
[WhiteElo "2063"]
[BlackElo "2077"]
[PlyCount "127"]
[EventDate "2003.09.21"]
[EventType "tourn (corr)"]
[EventRounds "6"]
[SourceTitle "Corr 2008"]
[Source "ChessBase"]
[SourceDate "2008.06.24"]
[SourceVersion "1"]
[SourceVersionDate "2008.06.24"]
[SourceQuality "1"]

1. e4 d6 2. d4 Nf6 3. Nc3 g6 4. Be3 Bg7 5. Qd2 c6 6. Nf3 0-0 7. Bh6 b5 8. Bd3 Nbd7 9. Bxg7 Kxg7 10. a4 b4 11. Ne2 a5 12. Ng3 c5 13. e5 Ng8 14. e6 Ndf6 15. exf7 Nh6 16. h4 cxd4 17. h5 Nxf7 18. hxg6 hxg6 19. Nh4 Rh8 20. 0-0-0 Qd7 21. b3 e5 22. Nxg6 Rxh1 23. Rxh1 Qc7 24. f3 Be6 25. Kb1 Re8 26. Qf2 Qc3 27. Nh4 Rg8 28. Ne2 Qc7 29. f4 Qd8 30. f5 Bd7 31. Qg3+ Kf8 32. Ng6+ Ke8 33. Re1 Nd5 34. Nxd4 Qf6 35. Qf3 Nc3+ 36. Kc1 d5 37. Nb5 Bxb5 38. Bxb5+ Kd8 39. Qe3 e4 40. Nf4 Qxf5 41. Qb6+ Kc8 42. Rf1 Qe5 43. Ba6+ Kd7 44. Qb7+ Kd6 45. Qxf7 Na2+ 46. Kd2 Qd4+ 47. Bd3 Qc3+ 48. Ke3 Qc5+ 49. Ke2 exd3+ 50. Kf3 dxc2 51. Qe6+ Kc7 52. Qxg8 c1Q 53. Rxc1 Qxc1 54. Nxd5+ Kd6 55. Ne3 Qc6+ 56. Kf4 Nc1 57. Nc4+ Ke7 58. Qg7+ Ke8 59. Nxa5 Ne2+ 60. Ke3 Qe6+ 61. Kf3 Ng1+ 62. Kf2 Qe2+ 63. Kg3 Qe3+ 64. Kh4 1-0

[Event "IECG CP.2001.Q.00018 email"]
[Site "IECG email"]
[Date "2002.10.01"]
[Round "?"]
[White "Grabowski, Tomasz"]
[Black "Stefan, Cristian"]
[Result "0-1"]
[WhiteElo "1904"]
[BlackElo "2141"]
[PlyCount "100"]
[EventDate "2002.10.01"]
[EventType "tourn (corr)"]
[EventRounds "10"]
[SourceTitle "Corr 2008"]
[Source "ChessBase"]
[SourceDate "2008.06.24"]
[SourceVersion "1"]
[SourceVersionDate "2008.06.24"]
[SourceQuality "1"]

1. e4 e5 2. Nc3 Nf6 3. f4 d5 4. fxe5 Nxe4 5. Nf3 Be7 6. Qe2 f5 7. Nd1 0-0 8. d3 Nc5 9. g3 Ne6 10. Bg2 Bc5 11. c3 d4 12. a3 a5 13. c4 Nc6 14. Nf2 a4 15. Bd2 Ra6 16. Nh3 Rb6 17. Ra2 Qe8 18. 0-0 Rb3 19. Nf4 b5 20. cxb5 Ne7 21. Nxe6 Bxe6 22. Ng5 Bd5 23. Rc1 Rxb5 24. Raa1 h6 25. Nf3 Ng6 26. Bf4 Qe6 27. Rc2 Bb6 28. Rac1 Ne7 29. Re1 g5 30. Bd2 Ng6 31. Rf1 g4 32. Nh4 Bxg2 33. Qxg2 Nxe5 34. Re1 Qd5 35. Qxd5+ Rxd5 36. Rxe5 Rxe5 37. Ng6 Rc5 38. Rxc5 Bxc5 39. Nxf8 Bxf8 40. Kf2 c6 41. Bf4 Kf7 42. Ke2 Ke6 43. Kf2 h5 44. Kg2 Kd5 45. Kf2 c5 46. Ke2 Bd6 47. Bg5 c4 48. Kd2 h4 49. Bxh4 f4 50. gxf4 Bxf4+ 0-1

[Event "IECG CP.2001.Q.00018 email"]
[Site "IECG email"]
[Date "2002.10.01"]
[Round "?"]
[White "Hoffmann, Matthias"]
[Black "Stefan, Cristian"]
[Result "1-0"]
[WhiteElo "2084"]
[BlackElo "2141"]
[PlyCount "45"]
[EventDate "2002.10.01"]
[EventType "tourn (corr)"]
[EventRounds "10"]
[SourceTitle "Corr 2008"]
[Source "ChessBase"]
[SourceDate "2008.06.24"]
[SourceVersion "1"]
[SourceVersionDate "2008.06.24"]
[SourceQuality "1"]

1. e4 e5 2. f4 exf4 3. Nf3 g5 4. h4 g4 5. Ne5 Nf6 6. d4 d6 7. Nd3 Nc6 8. d5 Ne5 9. Bxf4 Ng6 10. Nc3 Nh5 11. Bg5 Be7 12. Qd2 Ng3 13. Rg1 h6 14. Bxe7 Qxe7 15. 0-0-0 Qxh4 16. Kb1 Bd7 17. e5 dxe5 18. Nc5 0-0-0 19. Bb5 Nf5 20. Bxd7+ Rxd7 21. Nb5 a6 22. Na7+ Kb8 23. Nc6+ 1-0

[Event "IECG WC.2005.P.00009 email"]
[Site "IECG email"]
[Date "2002.01.29"]
[Round "?"]
[White "Gomez, Kenneth"]
[Black "Stefan, Cristian"]
[Result "1/2-1/2"]
[WhiteElo "1424"]
[BlackElo "2111"]
[PlyCount "80"]
[EventDate "2002.01.29"]
[EventType "tourn (corr)"]
[EventRounds "12"]
[SourceTitle "Corr 2008"]
[Source "ChessBase"]
[SourceDate "2008.06.24"]
[SourceVersion "1"]
[SourceVersionDate "2008.06.24"]
[SourceQuality "1"]

1. e4 c6 2. Nf3 d5 3. e5 Bg4 4. d4 e6 5. Nbd2 Nd7 6. h3 Bh5 7. c3 Qb6 8. Be2 Ne7 9. a4 c5 10. a5 Qc7 11. a6 Nc6 12. Bb5 b6 13. Qa4 Rc8 14. 0-0 Be7 15. b3 0-0 16. Ba3 f6 17. Rae1 fxe5 18. Bxc6 Qxc6 19. Qxc6 Rxc6 20. Nxe5 Nxe5 21. Rxe5 Rf5 22. Rxf5 exf5 23. c4 Bf7 24. Rd1 Bf6 25. Nf3 h5 26. Ne5 Bxe5 27. cxd5 Rd6 28. dxe5 Rxd5 29. Rxd5 Bxd5 30. b4 c4 31. Bb2 f4 32. g3 f3 33. Kf1 Be6 34. h4 Bc8 35. Ke1 Kf7 36. Kd2 Bxa6 37. Ke3 Bb7 38. Kd4 b5 39. Kc5 Ba6 40. Kc6 Ke6 1/2-1/2

[Event "IECG WC.2005.P.00009 email"]
[Site "IECG email"]
[Date "2002.01.29"]
[Round "?"]
[White "Stefan, Cristian"]
[Black "Gralke, Wolfgang"]
[Result "1/2-1/2"]
[WhiteElo "2111"]
[BlackElo "1684"]
[PlyCount "105"]
[EventDate "2002.01.29"]
[EventType "tourn (corr)"]
[EventRounds "12"]
[SourceTitle "Corr 2008"]
[Source "ChessBase"]
[SourceDate "2008.06.24"]
[SourceVersion "1"]
[SourceVersionDate "2008.06.24"]
[SourceQuality "1"]

1. e4 e5 2. Bc4 Nf6 3. d3 c6 4. Nf3 Be7 5. 0-0 d6 6. Re1 Nbd7 7. c3 0-0 8. Bb3 b6 9. Nbd2 a5 10. Nf1 b5 11. Ng3 a4 12. Bc2 Nb6 13. h3 Qc7 14. Be3 c5 15. Qe2 Be6 16. d4 Nc4 17. Bc1 cxd4 18. cxd4 Rfc8 19. Bd3 Qb6 20. d5 Bd7 21. Nh4 Bd8 22. Nhf5 g6 23. Ne3 Qc5 24. Rb1 Kg7 25. b3 axb3 26. axb3 Nxe3 27. b4 Qc7 28. Bxe3 Qb7 29. Ra1 Bb6 30. Bg5 Rxa1 31. Rxa1 h6 32. Be3 Bxe3 33. Qxe3 Ra8 34. Ra5 Ra6 35. Be2 Ne8 36. Kh2 Qa8 37. Qa3 Rxa5 38. bxa5 Qa7 39. a6 Kf8 40. Kg1 Ke7 41. Nf1 Nc7 42. Qg3 h5 43. Qg5+ Ke8 44. Qf6 Qxa6 45. Nh2 Qa3 46. Bf1 Qb4 47. Nf3 Qxe4 48. Qxd6 Nxd5 49. Nxe5 Nb6 50. Qf6 Qf5 51. Qd6 Qe4 52. Qb8+ Ke7 53. Nxd7 1/2-1/2

[Event "IECG CP.2001.P.00088"]
[Site "IECG email"]
[Date "2001.10.01"]
[Round "?"]
[White "Horbach, Frank"]
[Black "Stefan, Cristian"]
[Result "1/2-1/2"]
[WhiteElo "1831"]
[BlackElo "2110"]
[PlyCount "29"]
[EventDate "2001.10.01"]
[EventType "tourn (corr)"]
[EventRounds "6"]
[SourceTitle "Corr 2008"]
[Source "ChessBase"]
[SourceDate "2008.06.24"]
[SourceVersion "1"]
[SourceVersionDate "2008.06.24"]
[SourceQuality "1"]

1. f4 c5 2. Nf3 Nc6 3. e4 a6 4. c4 g6 5. d4 cxd4 6. Nxd4 Bg7 7. Nf3 Qa5+ 8. Bd2 Qb6 9. Nc3 Qxb2 10. Rb1 Qa3 11. Rb3 Qa5 12. Nd5 Qd8 13. Be3 Qa5+ 14. Bd2 Qd8 15. Be3 1/2-1/2

[Event "IECG CP.2001.P.00088"]
[Site "IECG email"]
[Date "2001.10.01"]
[Round "?"]
[White "Kliche, Udo"]
[Black "Stefan, Cristian"]
[Result "0-1"]
[WhiteElo "1333"]
[BlackElo "2110"]
[PlyCount "116"]
[EventDate "2001.10.01"]
[EventType "tourn (corr)"]
[EventRounds "6"]
[SourceTitle "Corr 2008"]
[Source "ChessBase"]
[SourceDate "2008.06.24"]
[SourceVersion "1"]
[SourceVersionDate "2008.06.24"]
[SourceQuality "1"]

1. d4 Nf6 2. c4 e6 3. Nc3 Bb4 4. Qc2 0-0 5. a3 Bxc3+ 6. Qxc3 b6 7. Bg5 Bb7 8. f3 h6 9. Bh4 d6 10. e4 c5 11. dxc5 bxc5 12. Bxf6 Qxf6 13. Qxf6 gxf6 14. 0-0-0 Rd8 15. Bd3 Kf8 16. Ne2 Ke7 17. Bc2 a5 18. Nc3 Nc6 19. Nb5 Ne5 20. b3 a4 21. Kb2 Bc6 22. f4 Ng4 23. Rde1 axb3 24. Kxb3 Rg8 25. Re2 h5 26. h3 Nh6 27. Rd1 Rg3+ 28. Rd3 Rxd3+ 29. Bxd3 Rg8 30. Nc3 f5 31. Nd5+ Kd8 32. Nf6 Rg3 33. Kc2 h4 34. Kd2 Rg6 35. e5 Ke7 36. a4 Bxa4 37. Ke1 Rg3 38. Ra2 dxe5 39. fxe5 Re3+ 40. Kf2 Rxe5 41. Nh5 Bc6 42. Ra7+ Kd6 43. Nf4 Be4 44. Be2 Bc2 45. Bf3 Re4 46. Bxe4 fxe4 47. Ne2 Bd3 48. Nc3 Nf5 49. Rxf7 e3+ 50. Ke1 Bxc4 51. Rf8 Ke5 52. Rc8 Kd4 53. Na4 Ne7 54. Rxc5 Nd5 55. Rc8 Nf4 56. Rd8+ Bd5 57. Rg8 Nxg2+ 58. Kf1 Nf4 0-1

[Event "IECG CP.2001.P.00088"]
[Site "IECG email"]
[Date "2001.10.01"]
[Round "?"]
[White "Stefan, Cristian"]
[Black "Bengtsson, Ulf"]
[Result "1-0"]
[WhiteElo "2110"]
[BlackElo "1987"]
[PlyCount "67"]
[EventDate "2001.10.01"]
[EventType "tourn (corr)"]
[EventRounds "6"]
[SourceTitle "Corr 2008"]
[Source "ChessBase"]
[SourceDate "2008.06.24"]
[SourceVersion "1"]
[SourceVersionDate "2008.06.24"]
[SourceQuality "1"]

1. e4 c5 2. Nc3 Nc6 3. f4 e6 4. Nf3 Nge7 5. d4 Nxd4 6. Nxd4 cxd4 7. Qxd4 Nc6 8. Qf2 d5 9. exd5 exd5 10. Bd3 Be7 11. 0-0 0-0 12. Rd1 d4 13. Ne2 Re8 14. Qf3 Nb4 15. h3 Bc5 16. Kh2 Nxd3 17. Qxd3 Bg4 18. hxg4 Qh4+ 19. Qh3 Qxh3+ 20. Kxh3 Rxe2 21. Bd2 Rd8 22. Rac1 f6 23. Be1 Rde8 24. a3 Bb6 25. a4 R8e3+ 26. Kh2 Re4 27. Bg3 Ba5 28. c3 dxc3 29. bxc3 Rxa4 30. Rd7 Bb6 31. Rxb7 h5 32. gxh5 Ra5 33. Kh3 Rxh5+ 34. Kg4 1-0

[Event "IECG C1.2000.0.00279"]
[Site "IECG email"]
[Date "2000.05.05"]
[Round "?"]
[White "Ringwelski, Marius"]
[Black "Stefan, Cristian"]
[Result "0-1"]
[WhiteElo "1900"]
[BlackElo "1860"]
[PlyCount "56"]
[EventDate "2000.05.05"]
[EventType "tourn (corr)"]
[EventRounds "5"]
[SourceTitle "Corr 2008"]
[Source "ChessBase"]
[SourceDate "2008.06.24"]
[SourceVersion "1"]
[SourceVersionDate "2008.06.24"]
[SourceQuality "1"]

1. d4 Nf6 2. c4 g6 3. Nc3 Bg7 4. e4 d6 5. Nf3 0-0 6. Be2 e5 7. 0-0 Nc6 8. d5 Ne7 9. Ne1 Ne8 10. Be3 f5 11. f3 f4 12. Bf2 h5 13. c5 g5 14. a4 Rf6 15. cxd6 Nxd6 16. Nb5 Rg6 17. Rc1 Ne8 18. Nxa7 Bd7 19. Qb3 Kh7 20. Bd3 g4 21. Nb5 Ng8 22. Qc2 c6 23. Nc3 Nh6 24. Rd1 g3 25. Bc5 Qh4 26. h3 Nf7 27. dxc6 Bxh3 28. gxh3 Ng5 0-1

[Event "IECG C1.1999.0.00241"]
[Site "IECG email"]
[Date "1999.11.02"]
[Round "?"]
[White "Delavekouras, Sotiris"]
[Black "Stefan, Cristian"]
[Result "1/2-1/2"]
[WhiteElo "2116"]
[BlackElo "1860"]
[PlyCount "92"]
[EventDate "1999.11.02"]
[EventType "tourn (corr)"]
[EventRounds "6"]
[SourceTitle "Corr 2008"]
[Source "ChessBase"]
[SourceDate "2008.06.24"]
[SourceVersion "1"]
[SourceVersionDate "2008.06.24"]
[SourceQuality "1"]

1. e4 c5 2. Nf3 Nc6 3. d4 cxd4 4. Nxd4 Nf6 5. Nc3 e5 6. Ndb5 d6 7. Bg5 a6 8. Na3 b5 9. Nd5 Be7 10. Bxf6 Bxf6 11. c3 0-0 12. Nc2 Bg5 13. a4 bxa4 14. Rxa4 a5 15. Bc4 Rb8 16. b3 Kh8 17. 0-0 f5 18. exf5 Bxf5 19. Nce3 Be6 20. Qd3 Qd7 21. Ra2 Qf7 22. Qe4 Qb7 23. Rd1 g6 24. h3 Bd8 25. f4 Qa7 26. Kh1 Qg7 27. Rf2 Bh4 28. Rf3 Bf5 29. Nxf5 gxf5 30. Qe2 e4 31. Re3 Bg3 32. Qh5 Nd8 33. Rxg3 Qxg3 34. Ne7 Nb7 35. Bf7 Qxc3 36. Ng6+ Kg7 37. Nxf8 Rxf8 38. Bc4 Qg3 39. Rd5 Qxf4 40. Rb5 Nc5 41. Rxa5 Qc1+ 42. Kh2 Kf6 43. Ra8 Qf4+ 44. Kh1 Qc1+ 45. Kh2 Qf4+ 46. Kh1 Qc1+ 1/2-1/2

[Event "IECG C1.1999.0.00241"]
[Site "IECG email"]
[Date "1999.11.02"]
[Round "?"]
[White "Stefan, Cristian"]
[Black "O'Connor, Jonathan"]
[Result "1/2-1/2"]
[WhiteElo "1860"]
[BlackElo "2168"]
[PlyCount "42"]
[EventDate "1999.11.02"]
[EventType "tourn (corr)"]
[EventRounds "6"]
[SourceTitle "Corr 2008"]
[Source "ChessBase"]
[SourceDate "2008.06.24"]
[SourceVersion "1"]
[SourceVersionDate "2008.06.24"]
[SourceQuality "1"]

1. e4 e6 2. d3 d5 3. Nd2 c5 4. Ngf3 Nc6 5. g3 Bd6 6. Bg2 Nge7 7. 0-0 0-0 8. Re1 Qc7 9. c3 Bd7 10. Nf1 d4 11. a4 e5 12. N1d2 Rab8 13. Nc4 f6 14. Qb3 Be6 15. Bh3 Bf7 16. a5 b5 17. axb6 axb6 18. Qb5 Nc8 19. Bd2 N8a7 20. Qa6 Be7 21. cxd4 cxd4 1/2-1/2

[Event "IECG C1.1999.0.00241"]
[Site "IECG email"]
[Date "1999.11.02"]
[Round "?"]
[White "Stefan, Cristian"]
[Black "Smits, Mark"]
[Result "1-0"]
[WhiteElo "1860"]
[BlackElo "1935"]
[PlyCount "119"]
[EventDate "1999.11.02"]
[EventType "tourn (corr)"]
[EventRounds "6"]
[SourceTitle "Corr 2008"]
[Source "ChessBase"]
[SourceDate "2008.06.24"]
[SourceVersion "1"]
[SourceVersionDate "2008.06.24"]
[SourceQuality "1"]

1. e4 c6 2. d4 d5 3. e5 Bf5 4. h4 h5 5. c4 e6 6. Nc3 dxc4 7. Bxc4 Nd7 8. Nf3 Nb6 9. Be2 Ne7 10. Bg5 Qd7 11. 0-0 Ng6 12. Qd2 Be7 13. Rfd1 Rd8 14. a3 a6 15. Rac1 Bg4 16. Ne4 0-0 17. Nc5 Qc7 18. Bxe7 Qxe7 19. Ng5 Nxh4 20. Bxg4 hxg4 21. Qf4 Nf5 22. Qxg4 Nh6 23. Qh4 Rd5 24. Qh5 Rfd8 25. Nf3 Nf5 26. Rd3 g6 27. Qg4 Nd7 28. b4 Nxc5 29. bxc5 R8d7 30. Rc4 Qd8 31. Rd1 Qa5 32. a4 Qd8 33. Qe4 Qe7 34. g3 Qd8 35. Kg2 a5 36. Rh1 Qf8 37. g4 Qg7 38. Kf1 Ne7 39. Ng5 Nc8 40. Qf3 b5 41. Ne4 bxc4 42. Nf6+ Kf8 43. Rh7 Rb7 44. Rxg7 Kxg7 45. Nxd5 cxd5 46. Qf6+ Kh7 47. c6 Re7 48. Ke2 Kg8 49. f4 Re8 50. Ke3 Ne7 51. c7 Kf8 52. Qh8+ Ng8 53. f5 exf5 54. gxf5 gxf5 55. Qh1 Ne7 56. Qh6+ Kg8 57. Qf6 Nc8 58. Qd8 Kf8 59. Qxd5 c3 60. Qxa5 1-0